000 00402nam a2200157Ia 4500
003 Ost
005 20260225132540.0
008 260225s9999||||xx |||||||||||||| ||und||
040 _cfsic
041 _afre
082 _a70.5
100 _aRodolphe ghiglione /Marcel bromberg
_eAuteur
245 0 _aDiscours politique télévision /
245 0 _cRodolphe ghiglione /Marcel bromberg
942 _cكتاب
999 _c33434
_d33434